El equipo sacerdotal / (Record no. 59757)

MARC details
000 -LEADER
campo de control de longitud fija 00498nam a2200169 i 4500
001 - NÚMERO DE CONTROL
campo de control 59757
003 - IDENTIFICADOR DE NÚMERO DE CONTROL
campo de control ES-MaACL
007 - CAMPO FIJO DE DESCRIPCIÓN FÍSICA--INFORMACIÓN GENERAL
campo de control de longitud fija t|
008 - DATOS DE LONGITUD FIJA--INFORMACIÓN GENERAL
campo de control de longitud fija 031030s1967 sp ||||1| spa d
245 03 - MENCIÓN DEL TÍTULO
Título El equipo sacerdotal /
Mención de responsabilidad, etc. G. Michonneau...[et al.] ; [tradujeron, E. Mate y C. Hiniesto].
260 ## - PUBLICACIÓN, DISTRIBUCIÓN, ETC.
Lugar de publicación, distribución, etc. Salamanca :
Nombre del editor, distribuidor, etc. Sígueme,
Fecha de publicación, distribución, etc. 1967.
300 ## - DESCRIPCIÓN FÍSICA
Extensión 266 p. ;
Dimensiones 20 cm.
700 1# - ENTRADA AGREGADA--NOMBRE PERSONAL
Nombre de persona Michonneau, G.
9 (RLIN) 80940
700 1# - ENTRADA AGREGADA--NOMBRE PERSONAL
Nombre de persona Mate, E.
9 (RLIN) 78929
700 1# - ENTRADA AGREGADA--NOMBRE PERSONAL
Nombre de persona Hiniesto, C.
9 (RLIN) 63759
852 ## - LOCALIZACIÓN
Ubicación ES-MaACL
Número de control de estantería E-2529
Sublocalización o colección R.63959
Holdings
Estatus retirado Estado de pérdida Estado de daño No para préstamo Biblioteca de origen Biblioteca actual Ubicación en estantería Fecha de adquisición Fuente de adquisición Total de préstamos Signatura topográfica completa Código de barras Visto por última vez Precio de reemplazo Tipo de ítem Koha
        Biblioteca del Ateneo de Madrid Biblioteca del Ateneo de Madrid Depósito 2 17/01/2008     E-2529 1062676 23/02/2023 23/02/2023 Libro impreso